| 000 | 02168nam a2200325 i 4500 | ||
|---|---|---|---|
| 003 | DO-SdBNP | ||
| 005 | 20260321073645.0 | ||
| 007 | ta | ||
| 008 | 230830e2005 dr ||||| |||| 00| 0 spa d | ||
| 020 | _a9945406280 | ||
| 040 |
_aDO-SdBNP _bspa _cBNPHU _erda |
||
| 041 | _aspa | ||
| 082 | 4 |
_a324.27293 _bB742p 2005 _222 |
|
| 100 | 1 |
_a Bosch, Juan, _d1909-2001 _eautor _4aut. _976555 |
|
| 245 | 1 | 3 |
_aEl PLD : _bcolección estudios sociales / _cJuan Bosch. |
| 250 | _aSegunda edición | ||
| 264 | 1 |
_aSanto Domingo : _bAlfa & Omega, _c2005 |
|
| 300 |
_a326 páginas ; _c20 cm. |
||
| 336 |
_atexto _btxt _2rdacontent |
||
| 337 |
_asin mediación _bn _2rdamedia |
||
| 338 |
_avolumen _bnc _2rdacarrier |
||
| 505 |
_aPalabras de información para el lector. _tSobre las causas de los ataques a Santo Domingo en el siglo XVI y XVII.-- Santo Domingo en el siglo XVII.-- La revolución haitiana.-- La España Boba y la Independencia Efímera 1809-1822.-- La ocupación haitiana (1822-1844).-- Perfil político de Pedro Santana (I).-- Perfil político de Pedro Santana (II).-- La acumulación originaria en la República Dominicana (I).-- La acumulación originaria en la República Dominicana (II).-- La acumulación originaria en la República Dominicana (III).-- La acumulación originaria en la República Dominicana (III).-- _tLa acumulación originaria en la República Dominicana (IV).-- Sobre las relaciones de producción.-- Sobre la división de clases en la República Dominicana.-- Sobre la formación de la burguesía.-- Acerca del Estado (I).-- Acerca del Estado (II).-- La deuda externa (I).-- La deuda externa (II).-- Los métodos de trabajo.-- Base teórica de los métodos de trabajo.-- Planes y métodos.-- Organización y disciplina (I).-- Organización y disciplina (II).-- Organización y disciplina (III).-- |
||
| 590 | _aInventariado 2023 / MF | ||
| 650 | 4 |
_aPartido de la Liberación Dominicana _91909 |
|
| 650 | 4 |
_aPartidos políticos _vRepública Dominicana _984037 |
|
| 651 | 0 |
_aRepública Dominicana _xPolítica y gobierno _945 |
|
| 651 | 4 |
_aRepública Dominicana _xHistoria _9170 |
|
| 910 | _aValidado. Control de calidad MFF | ||
| 942 |
_2ddc _cLBS1 |
||
| 999 |
_c54573 _d54573 |
||